[Event "Uppsala Young Champions 9th"]
[Site "Uppsala"]
[Date "2022.10.31"]
[Round "5"]
[White "Torngren, Gustav"]
[Black "Reimegard, Emil"]
[Result "1-0"]
[WhiteElo "2280"]
[BlackElo "1533"]
[PlyCount "115"]
[EventDate "2022.10.28"]
[EventType "swiss"]
[EventRounds "9"]
[EventCountry "SWE"]
[SourceTitle "EXT 2024"]
[Source "ChessBase"]
[SourceDate "2023.10.10"]
[SourceVersion "1"]
[SourceVersionDate "2023.10.10"]
[SourceQuality "1"]

1. b4 e5 2. a3 a6 3. Bb2 Nc6 4. c4 d6 5. Nc3 Be6 6. d3 Nf6 7. g3 Be7 8. Bg2 0-0 9. Nf3 d5 10. cxd5 Nxd5 11. 0-0 Bf6 12. Ne4 Rb8 13. Rc1 Nd4 14. Nxf6+ Qxf6 15. Nxd4 exd4 16. e3 c6 17. Bxd4 Qh6 18. e4 Nf6 19. Be3 Qg6 20. f3 Rbd8 21. Qe2 h5 22. d4 b5 23. Rfd1 Bc4 24. Qf2 Rc8 25. Rxc4 bxc4 26. Bh3 Nxe4 27. fxe4 Qxe4 28. Bf5 Qd5 29. Bxc8 Rxc8 30. Qg2 Re8 31. Qxd5 cxd5 32. Kf2 f6 33. Bd2 Rb8 34. a4 g5 35. Rb1 Kf7 36. b5 axb5 37. Rxb5 Rc8 38. Bc3 Ke6 39. a5 Ra8 40. Ke3 Re8 41. Kd2 Ra8 42. Bb4 f5 43. Rb6+ Kf7 44. a6 f4 45. gxf4 gxf4 46. Ke2 Re8+ 47. Kf3 c3 48. a7 c2 49. Bd2 Ra8 50. Ra6 Ke7 51. Ke2 Kd7 52. Bxf4 Kc8 53. Rc6+ Kb7 54. Rxc2 Rxa7 55. Rc7+ Kb6 56. Rxa7 Kxa7 57. Be5 Kb7 58. Kf3 1-0